| 000 | 01217nam a2200337 a 4500 | ||
|---|---|---|---|
| 001 | 000108935 | ||
| 003 | CHAP | ||
| 005 | 20220817044610.0 | ||
| 008 | 140320s2013 mx | |sm |||||||spa|d | ||
| 010 | _a105397 | ||
| 011 | _a106369 | ||
| 040 | _cCHAP | ||
| 090 | _aTesis | ||
| 100 | 0 | 0 | _aGonzález Pérez, Horacio |
| 245 | 1 | 0 |
_aEfecto de transmisión de precio del mercado del maíz al mercado de la tortilla en México _h[En línea] _cpor Horacio González Pérez. |
| 260 |
_aChapingo, Méx. : _bEl autor, _c2013. |
||
| 500 | _aPara ver el contenido del material haga clic en la liga | ||
| 502 | _aTesis (Ph.D. en Economía Agrícola) -- UACH. División de Ciencias Económico Administrativas | ||
| 590 |
_aBATCH-UPD _b05 _c20140324 _lUCH01 _h1537 |
||
| 590 |
_aBATCH-UPD _b05 _c20141002 _lUCH01 _h0858 |
||
| 590 |
_aE792CSJ _b05 _c20140320 _lUCH01 _h1445 |
||
| 590 |
_aE792CSJ _b05 _c20140320 _lUCH01 _h1446 |
||
| 650 | 1 | 4 |
_aMaíz _xMercadeo _xMéxico. _971011 |
| 650 | 1 | 4 |
_aMaíz _xPrecios. _971039 |
| 650 | 1 | 4 |
_aMaíz _xProcesado. _971040 |
| 650 | 1 | 4 |
_aTortillas de maíz. _9114318 |
| 856 |
_aFinding aid _uhttp://10.13.5.2/tesis/sist108935.pdf _zTeclea aquí |
||
| 901 | _aBK | ||
| 942 | _cTESIS | ||
| 942 | _n0 | ||
| 999 |
_c105397 _d105397 |
||